[Event "Politiken Cup 18th"]
[Site "Copenhagen"]
[Date "1996.??.??"]
[Round "11"]
[White "Sher, Miron Naumovich"]
[Black "Wells, Peter K"]
[Result "1/2-1/2"]
[WhiteElo "2500"]
[BlackElo "2495"]
[Annotator "Lutz,C"]
[PlyCount "79"]
[EventDate "1996.06.??"]
[EventType "swiss"]
[EventRounds "11"]
[EventCountry "DEN"]
[SourceTitle "CBM 054"]
[Source "ChessBase"]
[SourceDate "1996.10.01"]
[SourceVersion "1"]
[SourceVersionDate "1996.10.01"]
[SourceQuality "1"]

1. c4 Nf6 2. Nc3 e6 3. Nf3 d5 4. e3 c6 5. d4 Nbd7 6. Qc2 Bd6 7. Be2 O-O 8. O-O
dxc4 9. Bxc4 b5 10. Be2 Bb7 11. Ng5 $2 {Spielt nur dem Schwarzen in die Hände.}
(11. Rd1 Qc7 12. b3 e5 13. h3 Rfe8 14. Bb2 a6 15. dxe5 Nxe5 16. a4 $14 {
Arlandi,E-Portisch,L/Reggio Emilia9293 ;EXT 92 1992}) 11... Qb8 12. h3 (12. f4
b4 13. Nce4 Nxe4 14. Nxe4 c5) 12... b4 13. Nce4 c5 14. dxc5 Nxe4 15. Nxe4 Nxc5
16. Ng5 (16. Nxc5 Rc8) 16... g6 17. Bf3 Rc8 18. Bxb7 Qxb7 19. Qe2 Be7 20. Nf3
Bf6 $15 21. Nd4 a5 22. Rd1 Rd8 23. Bd2 e5 24. Nb3 Nxb3 (24... Nd3 $5 25. Rab1
a4) 25. axb3 e4 26. Be1 Rd5 27. Rdc1 Rd3 28. Rc5 Rxb3 29. Qc4 Rd3 30. Rcxa5
Rxa5 31. Rxa5 Rd1 32. Kf1 Qd7 33. Qxb4 Qd3+ 34. Kg1 Kg7 (34... Qe2 35. Ra8+ Bd8
36. Kh2) 35. Kh2 Qf1 36. Bc3 Qxf2 37. Bxf6+ Qxf6 38. Qxe4 Qxb2 39. Qe5+ Qxe5+
40. Rxe5 1/2-1/2

[Event "Chalapathi GM"]
[Site "Guntur"]
[Date "2000.04.03"]
[Round "1"]
[White "Shariyazdanov, Andrey"]
[Black "Sasikiran, Krishnan"]
[Result "1-0"]
[WhiteElo "2612"]
[BlackElo "2514"]
[Annotator "Lutz,C"]
[PlyCount "63"]
[EventDate "2000.04.03"]
[EventType "tourn"]
[EventRounds "13"]
[EventCountry "IND"]
[EventCategory "10"]
[SourceTitle "CBM 077"]
[Source "ChessBase"]
[SourceDate "2000.07.27"]
[SourceVersion "1"]
[SourceVersionDate "2000.07.27"]
[SourceQuality "1"]

1. d4 d5 2. c4 c6 3. Nc3 Nf6 4. e3 e6 5. Nf3 Nbd7 6. Qc2 Bd6 7. Bd3 O-O 8. O-O
dxc4 9. Bxc4 e5 $6 {Wenn Schwarz sich mit ...e6-e5 aufbauen will, sollte er 9..
.De7 spielen, um erst nach 10.a3 oder 10.h3 mit 10...e5 fortzusetzen.} (9...
Qe7 $1 10. a3 e5 11. h3 Bb8 12. Ba2 h6 13. Nh4 Rd8 14. Nf5 Qe8 15. Bd2 Nf8 $1 {
Im Vergleich zur Hauptpartie hat Weiß anstatt Lc4-b3 nun a2-a3 und Lc4-a2
gespielt. Daher fehlt Weiß ein Tempo.} 16. dxe5 Qxe5 17. Ng3 Be6 18. Bxe6 Nxe6
$11 19. Rfd1 Qc5 20. Nf1 Be5 21. Rac1 Rd7 22. Be1 Rad8 23. Rxd7 Rxd7 24. Nd2
Bc7 25. Rd1 Ng5 26. Nf1 Rxd1 27. Qxd1 Qc4 {1/2-1/2 Karpov,A-Timman,J/Dortmund
1999/CBM 72/[Lutz] (27)}) 10. Bb3 {Da Schwarz bereits so früh seine Karten
offengelegt hat, kann Weiß auf a2-a3 oder h2-h3 verzichten. Er spart so ein
wichtiges Tempo.} Qe7 11. Bd2 Bb8 ({Zu} 11... e4 {siehe die Partie Prakash,
G-Barua,D aus dem gleichen Turnier.}) 12. h3 h6 13. Nh4 Rd8 14. Nf5 Qe8 {
In Karpov,A-Timman,J (siehe Anmerkung zum 9.Zug von Schwarz) hatte Schwarz
bereits seinen Springer auf f8 stehen. Dieser Temponachteil macht sich gleich
unangenehm bemerkbar für Schwarz.} 15. f4 $1 $16 {Erzwingt die Öffnung der
e-Linie. Da Schwarz in der Entwicklung zurück ist, hat dies katastrophale
Folgen.} exd4 16. exd4 Nf8 17. Rae1 Be6 18. d5 $1 cxd5 19. Nxh6+ $1 $18 {
Der weiße Angriff geht so einfach von der Hand wie das sprichwörtliche
Brezelbacken.} gxh6 20. f5 Kg7 21. fxe6 fxe6 22. Rxf6 $1 {... und weiter
geht's !} Kxf6 23. Bxh6 {Die Drohungen sind u.a. 24.Sxd5+ und 24.Tf1+.} Qh5 24.
Qf2+ Kg6 25. Rxe6+ $1 Kh7 (25... Nxe6 26. Bc2+ Kxh6 27. Qf6+ Qg6 28. Qxg6#) 26.
g4 Qxh6 27. Rxh6+ $5 (27. Qf7+ $1 Qg7 28. Rh6+ Kxh6 29. Qh5#) 27... Kxh6 28.
Qf6+ Kh7 29. Nxd5 (29. Qxd8 $4 Bh2+) 29... Bd6 30. Qf7+ Kh6 31. g5+ Kxg5 32.
Qf6+ (32. Qf6+ Kh5 33. Bd1#) 1-0

[Event "Tilburg Fontys"]
[Site "Tilburg"]
[Date "1998.11.02"]
[Round "9"]
[White "Zvjaginsev, Vadim"]
[Black "Anand, Viswanathan"]
[Result "1/2-1/2"]
[WhiteElo "2650"]
[BlackElo "2795"]
[Annotator "Lutz,C"]
[PlyCount "41"]
[EventDate "1998.10.23"]
[EventType "tourn"]
[EventRounds "11"]
[EventCountry "NED"]
[EventCategory "18"]
[SourceTitle "EXT 1999"]
[Source "ChessBase"]
[SourceDate "1998.11.16"]
[SourceVersion "1"]
[SourceVersionDate "1998.11.16"]
[SourceQuality "1"]

1. Nf3 Nf6 2. c4 e6 3. Nc3 d5 4. d4 c6 5. e3 Nbd7 6. Qc2 Bd6 7. Bd3 O-O 8. O-O
dxc4 9. Bxc4 a6 10. a4 $5 (10. Rd1 b5 11. Be2 Qc7 {kam zuletzt häufig vor,
aber die Partien von Anand zeigten daß Schwarz keine Probleme hat.}) 10... c5 (
10... Qc7 {1-0 Zvjaginsev,V-Stripunsky,A/Kazan 1995/CBM 51/[Dolmatov] (37)})
11. Rd1 (11. b3 {1/2-1/2 Granda Zuniga,J-Nogueiras,J/Ponferrada 1997/CBM 61/
[Nogueiras] (32)}) 11... Qc7 12. Ne4 $146 {[%mdl 8]} (12. Qe2 {1-0 Krasenkow,
M-Nogly,C/Dortmund 1992/CBM 29 (35)}) 12... Nxe4 13. Qxe4 Nf6 14. Qh4 cxd4 15.
Bd3 (15. Qxd4 $2 Rd8 $17) 15... h6 (15... dxe3 16. Bxe3 $44) 16. exd4 $6 (16.
e4 $5 {ist Anands Vorschlag in NIC 8/1998. Die Drohung ist Bxh6.} Nd7 17. Bxh6
gxh6 18. Rac1 Qd8 19. Qxh6 Qf6 (19... Be5 20. Ng5 Nf6 21. f4 Bxf4 22. e5 Bxe5
23. Rf1 $18) 20. Qxf6 Nxf6 21. e5 $16 {Anand}) 16... Nd5 {Die entstandene
Isolani-Stellung ist anscheinend harmlos.} 17. Bd2 (17. Qe4 Nf6) 17... Qe7 18.
Bg5 (18. Qe4 Nf6 19. Qe2 Bd7 $11) 18... f6 19. Qe4 (19. Bd2 f5 $11) 19... fxg5
(19... hxg5 $2 20. Qh7+ Kf7 21. Bg6#) 20. Qh7+ Kf7 21. Qg6+ (21. Bg6+ $6 Kf6
22. Nd2 (22. Bh5 Nf4 $17) 22... Qd7) 1/2-1/2

[Event "RUS-ch"]
[Site "Krasnodar"]
[Date "2002.09.02"]
[Round "7"]
[White "Popov, Valerij"]
[Black "Skatchkov, Pavel"]
[Result "1-0"]
[WhiteElo "2579"]
[BlackElo "2485"]
[Annotator "Lutz,C"]
[PlyCount "110"]
[EventDate "2002.08.27"]
[EventType "swiss"]
[EventRounds "9"]
[EventCountry "RUS"]
[SourceTitle "CBM 091"]
[Source "ChessBase"]
[SourceDate "2002.11.12"]
[SourceVersion "1"]
[SourceVersionDate "2002.11.12"]
[SourceQuality "1"]

1. d4 d5 2. c4 c6 3. Nf3 Nf6 4. e3 e6 5. Bd3 Nbd7 6. O-O Bd6 7. Nc3 O-O 8. e4
dxe4 9. Nxe4 Nxe4 10. Bxe4 h6 11. Bc2 e5 12. Qd3 {Weiß wählt das direkte
Vorgehen und provoziert den Aufzug ...f7-f5. Die andere Möglichkeit, um einen
weißen Vorteil zu erlangen, ist 12.Re1.} (12. Re1) 12... f5 13. c5 Bc7 14. Qb3+
(14. Qc4+ $5 {ist ebenfalls chancenreich:} Kh8 15. dxe5 Nxe5 16. Nxe5 Bxe5 17.
Bf4 Qd4 18. Qxd4 Bxd4 19. Rad1 $5 (19. Rfe1 Bxc5 (19... Bxb2 $5) 20. Rad1 a5
21. Bd6 Bxd6 22. Rxd6 a4 23. f4 Ra5 24. b4 axb3 25. Bxb3 Ra6 26. Re7 c5 27.
Rxa6 bxa6 28. Rc7 Kh7 29. Kf2 Rd8 30. h4 Bd7 31. Rxc5 Bb5 32. Rd5 Rxd5 33. Bxd5
g5 34. g3 gxh4 35. gxh4 Kg6 36. Bf3 Kf6 37. Ke3 Ke6 38. Kd4 Kd6 39. Bb7 Kc7 40.
Bd5 Kd6 41. Bc4 Bxc4 42. Kxc4 Kc6 43. h5 {1-0 Voloshin,L-Chernikov,O/Ceske
Budejovice 1993/EXT 97 (43)}) (19. Bd6 $5 Re8 20. Rae1 Be6 21. b3 b6 22. cxb6
axb6 23. a4 Bd5 24. Rd1 c5 25. Rfe1 b5 26. axb5 Rxe1+ 27. Rxe1 Ra2 28. Rc1 c4
29. bxc4 Bxc4 30. h4 Bxb5 31. Bxf5 Bxf2+ {1/2-1/2 Cvitan,O-Arkhipov,S/Tbilisi
1986/EXT 98 (31)}) 19... Bxb2 20. Rfe1 Bf6 21. Rd6 b6 22. Be5 Ba6 23. Bxf6 Rxf6
24. Rxf6 gxf6 25. Re6 Rf8 26. Re7 $6 (26. Rxc6 $5 $16) 26... Rd8 27. Rxa7 Bd3
28. Bxd3 Rxd3 29. Kf1 bxc5 30. Ke2 Rd4 31. Rf7 Rd6 32. Re7 {1/2-1/2 Tkachiev,
V-Kaidanov,G/Moscow 2002/CBM 88/[Lutz] (32)}) 14... Kh8 15. dxe5 Nxe5 16. Re1 {
Durch ...f7-f5 hat sich Schwarz entlang der e-Linie geschwächt. Aber Weiß hat
keine richtigen Ansatzpunkte, gegen die er sein Spiel richten kann, er kann
lediglich auf die aktiveren Figuren pochen.} Qf6 17. Bf4 Be6 $2 {Dieser Zug
wurde schon einige Male gespielt, erscheint mir aber trotzdem fehlerhaft, da
Weiß nun ein sehr gutes Endspiel mit einem Turm auf der 7. Reihe erhält.} (
17... Nxf3+ 18. Qxf3 Bxf4 19. Qxf4 Be6 {ist der richtige Zug. Schwarz hat den
schlechteren Läufer, aber seine Stellung ist solide genug, z.B.:} 20. Qe5 Rae8
21. Qxf6 Rxf6 22. Bb3 Kg8 23. Re5 Kf8 24. Rae1 Bf7 25. Rxe8+ Bxe8 26. f4 Bf7
27. Bc2 Re6 28. Rxe6 Bxe6 29. a3 Ke7 30. Kf2 Kf6 31. b4 Bd5 32. g3 g6 33. Ke3
h5 34. Kd4 a6 35. Bd3 Bb3 36. Kc3 Ba4 37. Bc4 Bb5 38. Bb3 Ke7 39. Bd1 Ke6 40.
a4 Bf1 41. Kd4 Kf6 42. Ke3 Bc4 43. Kd4 Bf1 44. Bb3 Be2 45. Ba2 Bd1 46. a5 Be2
47. Bb3 Bf1 48. Bg8 Be2 49. Ba2 Bf1 50. Bb3 Be2 {1/2-1/2 Wells,P-Flear,G/
Guernsey 1990/EXT 97 (50)}) 18. Bxe5 Bxb3 (18... Bxe5 19. Qxb7 Rab8 20. Qxc6
Rfc8 21. Qa6 $16) 19. Bxf6 Bxc2 20. Re7 Rxf6 21. Rxc7 b6 22. Rc1 (22. Ne5 $5
Be4 23. f4 bxc5 24. Rc1 Kg8 25. Rc3 Re6 26. Rb3 Rd6 27. h4 Rd2 28. Rg3 g5 29.
hxg5 h5 30. Nf7 h4 31. Nh6+ Kh8 32. g6 Rd1+ 33. Kf2 {1-0 Gutman,G-Shabanov,Y/
Pardubice 1998/EXT 99 (33)}) 22... Be4 23. Ne5 Kh7 (23... f4 24. f3 Bd5 25.
cxb6 axb6 26. Nxc6 Rxa2 27. Nb4 Ra5 28. Rd1 Rf5 29. Kf2 Kh7 30. Rd4 Rb5 31. h4
Bf7 32. Nd3 g5 33. hxg5 hxg5 34. Rb7 Kg6 35. b4 Rfd5 36. Rxd5 Bxd5 37. Rc7 Be6
38. Rc6 Kf7 39. Rc7+ Kf6 40. Ke2 Bf5 41. Rc4 Ke6 42. Nb2 Re5+ {1/2-1/2
Chatalbashev,B-Bujisho,B/Montpellier 2000/EXT 2001 (42)}) 24. f3 Bd5 25. a3 Re6
26. f4 $16 Be4 27. Rc3 Rae8 28. Rxa7 bxc5 29. Kf2 Kg8 30. h4 g5 31. hxg5 hxg5
32. Rg3 g4 33. Rb3 R6e7 34. Rxe7 Rxe7 35. Rb8+ Kg7 36. Rd8 Re6 37. Rd7+ Kg8 38.
Rd8+ Kg7 39. a4 $18 {Der Freibauer wird die Partie entscheiden.} Rh6 40. Rd7+
Kf8 41. a5 c4 42. a6 c5 43. a7 Ke8 44. Rg7 c3 45. bxc3 Ra6 46. Nc4 Kd8 47. Ne3
Ra2+ 48. Kg3 Ra3 49. Nxf5 Rxc3+ 50. Kxg4 Ra3 51. Nd6 Bxg2 52. f5 Ra6 53. Nb7+
Kc8 54. Nxc5 Ra5 55. Ne6 Be4 1-0

[Event "Corus-B"]
[Site "Wijk aan Zee"]
[Date "2000.01.20"]
[Round "3"]
[White "Danailov, Silvio"]
[Black "Nisipeanu, Liviu Dieter"]
[Result "0-1"]
[WhiteElo "2462"]
[BlackElo "2611"]
[Annotator "Lutz,C"]
[PlyCount "58"]
[EventDate "2000.01.18"]
[EventType "tourn"]
[EventRounds "11"]
[EventCountry "NED"]
[EventCategory "11"]
[SourceTitle "CBM 075"]
[Source "ChessBase"]
[SourceDate "2000.04.05"]
[SourceVersion "1"]
[SourceVersionDate "2000.04.05"]
[SourceQuality "1"]

1. Nf3 Nf6 2. c4 e6 3. Nc3 d5 4. d4 c6 5. e3 Nbd7 6. Qc2 Bd6 7. Bd3 O-O 8. O-O
dxc4 9. Bxc4 b5 10. Bd3 Bb7 11. e4 e5 12. dxe5 Nxe5 13. Nxe5 Bxe5 14. h3 {
Es sollte beachtet werden, dass Silvio Danailov eine Variante spielt, die sein
Schützling Veselin Topalov vor 21/2 Jahren angewandt hatte.} c5 $6 $146 {
Ähnlich zur Partie Topalov-Illescas versucht Schwarz, durch ein Bauernopfer
seinen derzeitigen Entwicklungsvorsprung auszunutzen und seine Läufer zur
Geltung zu bringen. In dieser Form macht das Opfer jedoch einen spekulativen
Eindruck.} (14... b4 $5 15. Ne2 c5 16. f3 $1 c4 $1 17. Qxc4 Qb6+ 18. Kh1 Rfd8
$1 $44 {1/2-1/2 Topalov,V-Illescas Cordoba,M/Madrid 1997/CBM 59/[Illescas
Cordoba] (61)}) 15. Nxb5 c4 16. Bxc4 (16. Qxc4 a6 17. Na3 Rc8 18. Qb3 Nxe4 $44)
16... Nxe4 17. Be3 Qh4 18. f4 Bf6 19. Rad1 Rac8 20. b3 a6 21. Nd6 Nxd6 22. Rxd6
$16 {Schwarz hat nicht genügend Kompensation für den Baern. Zwar hat der Bb7
eine schöne Diagonale, aber das ist schon alles.} Rce8 23. Qf2 Qh5 24. Bd4 $2 {
Weiß verliert die Kontrolle über die Stellung. Zeitnot ?} (24. Rxf6 gxf6 25.
Bc5 $16) 24... Bh4 25. Qd2 Rd8 26. Rxd8 Rxd8 $44 27. Qe3 Qg6 28. Rf3 $2 (28.
Qe2 Bxg2 (28... Rxd4 $2 29. Qe8#) 29. Qxg2 Qxg2+ 30. Kxg2 Rxd4 31. Bxa6 Rd2+
$11) 28... Bxf3 $19 29. Qxf3 Rxd4 0-1

[Event "Dortmund SuperGM 27th"]
[Site "Dortmund"]
[Date "1999.07.17"]
[Round "7"]
[White "Karpov, Anatoly"]
[Black "Timman, Jan H"]
[Result "1/2-1/2"]
[WhiteElo "2700"]
[BlackElo "2650"]
[Annotator "Lutz,C"]
[PlyCount "54"]
[EventDate "1999.07.10"]
[EventType "tourn"]
[EventRounds "7"]
[EventCountry "GER"]
[EventCategory "19"]
[SourceTitle "CBM 072"]
[Source "ChessBase"]
[SourceDate "1999.10.01"]
[SourceVersion "1"]
[SourceVersionDate "1999.10.01"]
[SourceQuality "1"]

1. Nf3 d5 2. d4 Nf6 3. c4 c6 4. Nc3 e6 5. e3 Nbd7 6. Qc2 Bd6 7. Bd3 O-O 8. O-O
dxc4 9. Bxc4 Qe7 10. a3 e5 11. h3 Bb8 {Chernins Spezialvariante, die auch von
Karpov nicht geknackt werden kann.} 12. Ba2 h6 13. Nh4 Rd8 14. Nf5 Qe8 15. Bd2
Nf8 16. dxe5 $146 {Eine harmlose Neuerung. In den vier mir bekannten Partien
in dieser Stellung wurde der Turm nach d1 gestellt: zweimal der a-Turm und
zweimal der f-Turm.} (16. Rad1 Qd7 (16... exd4 17. Nxd4 Bc7 18. Bc1 Bb6 19.
Rfe1 Bxd4 20. exd4 Be6 21. d5 cxd5 22. Nxd5 Nxd5 23. Rxd5 Rdc8 24. Rc5 b6 25.
Rxc8 Rxc8 26. Qe4 Qd8 27. Bb1 Bxh3 28. Bxh6 gxh6 {1/2-1/2 Stangl,M-Chernin,A/
Munich 1993/TD (28)}) 17. Ng3 (17. e4 $2 exd4 18. Nxd4 Qxd4 19. Be3 Qe5 20.
Rxd8 Qh2#) 17... exd4 18. exd4 Qc7 19. Nce2 Be6 20. Bf4 Qb6 21. Bxe6 {1/2-1/2
Portisch,L-Chernin,A/Budapest 1993/CBM 34 (21)}) (16. Rfd1 $5 exd4 (16... Qd7
17. e4 $1 exd4 18. Nxd4 Qxd4 19. Be3 $1 {(Timman) Hier zeigt sich die Pointe
von 16.Rfd1: Nach} Qe5 20. Rxd8 {kann Schwarz nicht auf h2 mattsetzen.}) 17.
Nxd4 N8h7 $5 (17... Qe5 18. f4 Qe7 19. Re1 a5 20. Rad1 Ba7 21. Na4 Bxd4 22.
exd4 Qc7 23. f5 Rxd4 24. Bc3 $44 {1/2-1/2 Timman,J-Akopian,V/Ubeda 1997/CBM 58/
[Lutz] (41)}) 18. Nf5 Bc7 19. e4 Be6 20. Bxe6 Qxe6 21. f4 h5 22. e5 Nd5 23.
Nxd5 Rxd5 24. Bb4 Rxd1+ 25. Rxd1 Rd8 26. Rxd8+ Bxd8 $14 {1/2-1/2 Akopian,
V-Chernin,A/Pula 1997/CBM 57 ext/[Lutz] (40)}) 16... Qxe5 17. Ng3 {Der
Springer muss zurück und der Ba2 wird abgetauscht. Weiß hat also keinerlei
Vorteil mehr.} Be6 18. Bxe6 Nxe6 $11 19. Rfd1 Qc5 20. Nf1 Be5 21. Rac1 Rd7 22.
Be1 Rad8 23. Rxd7 Rxd7 24. Nd2 Bc7 25. Rd1 Ng5 26. Nf1 Rxd1 27. Qxd1 Qc4
1/2-1/2

[Event "Mitropa Cup 19th"]
[Site "Baden"]
[Date "1999.04.03"]
[Round "3"]
[White "Polak, Tomas"]
[Black "Soln, Primoz"]
[Result "1-0"]
[WhiteElo "2488"]
[BlackElo "2425"]
[Annotator "Lutz,C"]
[PlyCount "77"]
[EventDate "1999.04.01"]
[EventType "team-tourn"]
[EventRounds "9"]
[EventCountry "SUI"]
[SourceTitle "CBM 071"]
[Source "ChessBase"]
[SourceDate "1999.08.01"]
[SourceVersion "1"]
[SourceVersionDate "1999.08.01"]
[SourceQuality "1"]

1. d4 d5 2. c4 c6 3. Nf3 e6 4. Nc3 Nf6 5. e3 Nbd7 6. Qc2 Bd6 7. Be2 O-O 8. O-O
dxc4 9. Bxc4 b5 10. Be2 Bb7 11. Rd1 Qc7 12. a3 a6 13. b4 e5 $6 (13... a5 {
ist besser:} 14. Rb1 axb4 15. axb4 Nd5 16. e4 $5 (16. Nxd5 exd5 {stellt keine
Probleme.}) 16... Nxb4 17. Qb3 Rfb8 $1 {Dieser Zug stellt das Bauernopfer 16.
e4 in Frage.} 18. Bxb5 $2 cxb5 19. Nxb5 {Soweit Van Wely,L-Piket,J/Rotterdam
1998/CBM 66 (24). Gemäß Informator 73 bringt} Bd5 $1 $17 {Schwarz in klaren
Vorteil.}) 14. h3 h6 $6 {Auch dieser Zug erscheint nicht nötig.} (14... Rfe8 $6
) 15. Bb2 exd4 16. Nxd4 c5 17. Nf5 {Wegen der Schwächung ...h6 kann dieser
Springer nicht so leicht vertrieben werden.} Bh2+ 18. Kh1 cxb4 19. axb4 Be5 20.
Rac1 Ne4 $2 (20... Rfd8 $14) 21. Nxe4 $18 Qxc2 22. Rxc2 Bxe4 23. Ne7+ Kh7 24.
Rxd7 Rad8 25. Rxd8 Rxd8 26. Bxe5 Bxc2 27. Bd4 Be4 28. f3 Re8 29. Bc5 Ba8 30.
Nf5 Re5 31. Bd3 g6 32. Ng3 Rd5 33. Bd4 f5 34. Ne2 Rd8 35. h4 Bc6 36. h5 Be8 37.
Nf4 gxh5 38. Bxf5+ Kg8 39. Ne6 1-0

[Event "Linares 16th"]
[Site "Linares"]
[Date "1999.02.23"]
[Round "3"]
[White "Kramnik, Vladimir"]
[Black "Ivanchuk, Vassily"]
[Result "1/2-1/2"]
[WhiteElo "2751"]
[BlackElo "2714"]
[Annotator "Lutz,C"]
[PlyCount "49"]
[EventDate "1999.02.21"]
[EventType "tourn"]
[EventRounds "14"]
[EventCountry "ESP"]
[EventCategory "20"]
[SourceTitle "CBM 070"]
[Source "ChessBase"]
[SourceDate "1999.06.08"]
[SourceVersion "1"]
[SourceVersionDate "1999.06.08"]
[SourceQuality "1"]

1. d4 e6 2. c4 d5 3. Nc3 c6 4. e3 Nf6 5. Nf3 Nbd7 6. Qc2 Bd6 7. Bd3 e5 $5 {
Schwarz spielt ...e5, ohne daß die Rochade bereits geschehen ist. Dadurch
ergeben sich für beide Seiten einige neue Möglichkeiten.} (7... O-O 8. O-O e5
9. cxd5 cxd5 10. e4 {führt zu weißem Vorteil.}) 8. cxd5 cxd5 9. Nb5 $5 {
Es wäre interessant zu wissen, was Ivanchuk auf 9.e4 geplant hat bzw. warum
Kramnik dies nicht gespielt hat. Gemäß 'Theorie' steht Weiß dann besser:} (9.
e4 dxe4 (9... exd4 10. Nxd5 Nxd5 11. exd5 Qa5+ 12. Bd2 Qxd5 13. O-O $44 {
Ftacnik}) 10. Nxe4 Bb4+ (10... Nxe4 11. Bxe4 exd4 12. O-O Nf6 13. Bg5 Qc7 14.
Bxf6 Qxc2 15. Bxc2 gxf6 16. Nxd4 $16 {Browne}) 11. Kf1 $16 {1/2-1/2 Browne,
W-Kortschnoj,V/San Francisco 1995/CBM 46/[Ftacnik] (22)}) 9... Bb4+ $5 $146 (
9... Bb8 10. dxe5 Nxe5 11. Nxe5 Bxe5 12. Bd2 (12. f4 $6 Bb8 13. Bd2 O-O $6 (
13... a6 $1 14. Nd4 O-O $11 {Tsesarsky}) 14. Rc1 Bd7 15. Nc7 Bxc7 16. Qxc7 Qxc7
17. Rxc7 $14 {1-0 Tsesarsky,I-Kaganskiy,G/Israel 1998/CBM 65/[Tsesarsky] (55)})
12... O-O 13. Bc3 $14) 10. Bd2 (10. Kf1 $6 e4 11. Nc7+ Ke7 12. Nxa8 exd3 13.
Qxd3 b6 {und der Na8 geht verloren.}) 10... Bxd2+ 11. Nxd2 {Kritisch erscheint
11.Qxd2:} (11. Qxd2 $5 e4 (11... exd4 12. Qb4 $16) (11... O-O 12. Nxe5 Nxe5 13.
dxe5 Ng4 14. f4 $16) 12. Qb4 Qe7 $5 (12... Qb6 13. Nd6+ Kf8 14. Bb5 Kg8 (14...
exf3 15. Nxc8+ $18) 15. Ng5 a6 16. Rc1 $16) (12... exd3 13. Nd6+ Kf8 14. Nxc8+
Ke8 15. Nd6+ Kf8 16. Nf5+ Kg8 17. Ne7+ Kf8 18. Nc6+ $18) 13. Nc7+ (13. Nd6+ Kf8
$17) 13... Kd8 14. Qxe7+ Kxe7 15. Nxa8 exd3 16. Nc7 a6 17. Ne5 Nb6 18. Rc1 $16
{Momentan kommt der weiße Springer nicht raus, aber ich sehe auch nicht, wie
Schwarz an ihn heran kommt.}) 11... O-O 12. Rc1 (12. dxe5 Nxe5) 12... e4 13.
Be2 Nb6 $11 {E scheint mir, als hätte Schwraz seine Probleme jetzt gelöst.} 14.
Qc7 Qxc7 15. Nxc7 Rb8 16. f3 Bd7 17. Nb5 (17. fxe4 dxe4 18. O-O Rbc8 $11 {
/\ ...Nbd5}) 17... exf3 18. gxf3 Na4 {Schwarz wickelt zum Unentschieden ab.}
19. b3 Bxb5 20. Bxb5 Rfc8 21. Rxc8+ Rxc8 22. Bxa4 Rc1+ 23. Kf2 Rxh1 24. Nf1 Kf8
25. Kg2 (25. Kg2 Rxf1 26. Kxf1 Ke7 $11) 1/2-1/2

[Event "Bad Homburg"]
[Site "Bad Homburg"]
[Date "1996.??.??"]
[Round "8"]
[White "Boensch, Uwe"]
[Black "Slobodjan, Roman"]
[Result "1/2-1/2"]
[WhiteElo "2525"]
[BlackElo "2520"]
[Annotator "Lutz,C"]
[PlyCount "151"]
[EventDate "1996.07.20"]
[EventType "tourn"]
[EventRounds "9"]
[EventCountry "GER"]
[EventCategory "12"]
[SourceTitle "CBM 055"]
[Source "ChessBase"]
[SourceDate "1996.12.01"]
[SourceVersion "1"]
[SourceVersionDate "1996.12.01"]
[SourceQuality "1"]

1. d4 d5 2. c4 c6 3. e3 Nf6 4. Nc3 e6 5. Nf3 Nbd7 6. Qc2 Bd6 7. Be2 O-O 8. O-O
Qe7 9. Rd1 dxc4 10. Bxc4 e5 11. h3 (11. Bb3 {Karpov,An-Tukmakov,V/Biel SKA (06)
;CBM 55 1996}) 11... e4 12. Ng5 Nb6 13. Bb3 Bf5 14. f3 Rae8 15. Ngxe4 (15. Bd2
$6 Nbd5 16. Ncxe4 h6 17. Nxf6+ Qxf6 18. Ne4 Qg6 19. g4 Rxe4 $1 20. fxe4 Bxe4
21. Qc1 Bh2+ $1 {0-1 Hamzabegovic,M-Teske,H/Bern op (05) ;EXP 51 1996}) 15...
Nxe4 16. fxe4 Bg6 $146 (16... Bxe4 17. Nxe4 Qxe4 18. Qxe4 Rxe4 19. Bc2 Ree8 20.
e4 Rd8 21. Bg5 Rd7 22. Rab1 Re8 23. Kf2 $10 {1/2:1/2 Gurevich,M-Bareev,E/Biel
izt (05) ;CBM 37 1993}) 17. Qf2 (17. Bd2 Qg5 $5) 17... Bxe4 18. Nxe4 Qxe4 19.
Bc2 Qe7 {/\ ...f5} 20. e4 c5 21. e5 Bc7 22. Qf5 g6 23. Qf6 cxd4 24. Bh6 Bxe5
25. Qxe7 Rxe7 26. Bxf8 Kxf8 27. Kh1 Nc4 28. Bb3 Ne3 $15 29. Rd3 Rc7 30. g4 Kg7
31. Kg1 Kf6 32. Kf2 Kg5 33. Kf3 Kh4 34. Rd2 f6 35. Rg1 Re7 36. Rc1 g5 37. Rg1
h5 38. Rh1 f5 39. Rd3 Bf6 40. gxf5 Nxf5 41. Bd1 Be5 42. Re1 Ne3 43. Rh1 Rf7+
44. Ke4 Bg7 45. Rb3 b6 46. Rb5 Rf2 47. Kd3 Bf6 48. Be2 Ng2 49. Bf1 Ne1+ 50. Ke4
Rf4+ 51. Kd5 d3 52. Kc6 d2 53. Rd5 Nf3 54. Kb7 Bxb2 55. Be2 Nd4 56. Bd1 Rf7+
57. Ka6 Re7 58. Rh2 Bc3 59. Rg2 Re1 60. Rxd2 Ne6 61. Kxa7 Bxd2 62. Rxd2 b5 63.
Kb6 b4 64. Ka5 Re4 65. Rb2 Nf4 66. Rxb4 Rxb4 67. Kxb4 Kxh3 68. a4 g4 69. a5 g3
70. Bf3 g2 71. Bxg2+ Kxg2 72. a6 Ne6 73. a7 Nc7 74. Kc5 h4 75. Kc6 Na8 76. Kb7
1/2-1/2